Anuario de Derecho/
Na minha lista:
| Autor Corporativo: | |
|---|---|
| Formato: | Livro |
| Idioma: | Spanish |
| Publicado em: |
Panamá:
Universidad de Panamá. Facultad de Derecho y Ciencias Políticas. Centro de Investigación Jurídica
|
| Assuntos: | |
| Tags: |
Adicionar Tag
Sem tags, seja o primeiro a adicionar uma tag!
|
MARC
| LEADER | 00000nam a22000007a 4500 | ||
|---|---|---|---|
| 003 | cru CIDCACS/IIS | ||
| 005 | 20201002112217.0 | ||
| 008 | 201002n pn |||p|r||||||0| ||spa|d | ||
| 999 | |c 43414 |d 43414 | ||
| 040 | |c cru CIDCACS/IIS | ||
| 090 | |a REV0050 | ||
| 110 | 1 | |9 9642 |a Universidad de Panamá. |b Facultad de Derecho y Ciencias Políticas. Centro de Investigación Jurídica | |
| 245 | 1 | |a Anuario de Derecho/ |c Universidad de Panamá. Facultad de Derecho y Ciencias Políticas. Centro de Investigación Jurídica | |
| 260 | |a Panamá: |b Universidad de Panamá. Facultad de Derecho y Ciencias Políticas. Centro de Investigación Jurídica | ||
| 270 | |a Estafeta Universitaria | ||
| 500 | |a EXISTENCIAS : 1983-1984 12-13 ESTADO DEL REGISTRO:Ya no se recibe | ||
| 650 | 0 | |9 5350 |a DERECHO | |
| 650 | 4 | |9 1993 |a LEGISLACION | |
| 650 | 0 | |9 8358 |a LEYES | |
| 651 | 0 | |9 353 |a PANAMA | |
| 942 | |2 ddc |c PP | ||
